000 00696nam a2200289Ia 4500
005 20260324124930.0
008 008 260324s9999 xx 000 0 eng d
020 _a9780203091630
037 _aEBOOK
040 _aCRL
040 _beng
040 _cCRL
041 _2eng
041 _aeng
084 _qCRL
100 _aStephen Hutchings; Natalia Rulyova
_91176055
245 0 _aTelevision and Culture in Putin's Russia
245 0 _bRemote control
260 _bTaylor and Francis
260 _c2009
365 _a
365 _b70.99
856 _uhttp://www.taylorfrancis.com/books/9780203091630
942 _cEBOOK
999 _c1770868
_d1770868